000 00211nam a2200097Ia 4500
005 20251222114340.0
008 251222s1900||||xx |||||||||||||| ||spa||
082 _aDVD0150/C24/2009
245 0 _aBakhita:
942 _cDVD
999 _c810
_d810